000 00285nam a22001337a 4500
008 171009b xxu||||| |||| 00| 0 eng d
020 _a9780495789109
041 _aeng
080 _28TH
_a159.9
100 _a49
101 _aPSI
245 _aCOGNITION
_cREED.,S.K
942 _2udc
_cBK
999 _c32492
_d32492